Widok standardowy
Widok MARC
Pozycja Corporate Name
Liczba rekordów, w których użyto hasła: 1
001 - Numer kontrolny
- control field: 39641
003 - Identyfikator numeru kontrolnego
- control field: NUKAT
005 - Data i czas ostatniej modyfikacji
- control field: 20260408123000.0
008 - Dane kontrolne kodowane (40 znaków)
- fixed length control field: 050119n||azznnbabn |a ana |
010 ## - Numer kontrolny Biblioteki Kongresu
- numer kontrolny LC: p 2004442724
024 7# - OTHER STANDARD IDENTIFIER
- Standard number or code: 135417806
- Source of number or code: viaf
035 ## - Numer systemowy
- numer systemowy: a17149939
035 ## - Numer systemowy
- numer systemowy: (PL)a0000001714993
040 ## - Instytucja sporządzająca rekord
- inst. przygot. dane do rek. khw: WA N/RZms
- język haseł przedmiotowych/tezaurus: DBN
- inst. wprow. rek. khw: WA N/RZjm
110 2# - Hasło - nazwa ciała zbiorowego
- nazwa ciała zbior. lub geogr. na pocz.: Urząd Ochrony Państwa (Polska)
410 2# - Trop zob. - nazwa ciała zbiorowego
- nazwa ciała zbior. lub geogr. na pocz.: Polska.
- nazwa jednostki podrzędnej: Urząd Ochrony Państwa
410 2# - Trop zob. - nazwa ciała zbiorowego
- nazwa ciała zbior. lub geogr. na pocz.: UOP
510 2# - Trop zob. też - nazwa ciała zbiorowego
- podpole kontrolne: b
- nazwa ciała zbior. lub geogr. na pocz.: Służba Ochrony Państwa (SOP)
670 ## - Źródło informacji
- źródło informacji: Urząd Ochrony Państwa 1990-2000. - Warszawa, 2000
670 ## - Źródło informacji
- źródło informacji: Służba Ochrony Państwa
- adres internetowy: https://www.sop.gov.pl